Problems and solutions in electric machinery / (Record no. 81086)
[ view plain ]
| 000 -LEADER | |
|---|---|
| fixed length control field | 00752nam a22002297a 4500 |
| 005 - DATE AND TIME OF LATEST TRANSACTION | |
| control field | 20131206123522.0 |
| 010 ## - LCCN (DPL NO) | |
| LC control number | ENG-108788 |
| 020 ## - INTERNATIONAL STANDARD BOOK NUMBER | |
| International Standard Book Number | 9781259028861 |
| Terms of availability | 325.00 |
| 020 ## - INTERNATIONAL STANDARD BOOK NUMBER | |
| International Standard Book Number | 1259028860 |
| Terms of availability | 325.00 |
| 035 ## - SYSTEM CONTROL NUMBER | |
| System control number | EN-92321 |
| 037 ## - SOURCE OF ACQUISITION | |
| Source of stock number/acquisition | DBAD/PUB |
| 082 ## - DEWEY DECIMAL CLASSIFICATION NUMBER | |
| Classification number | 621.31042 |
| 100 ## - MAIN ENTRY--PERSONAL NAME | |
| Personal name | Fitzgerald, A.E. |
| 245 ## - TITLE STATEMENT | |
| Title | Problems and solutions in electric machinery / |
| Statement of responsibility, etc | by A.E. Fitzerald , Charles Kingsley [and] Stephens D. Umans |
| 260 ## - PUBLICATION, DISTRIBUTION, ETC. (IMPRINT) | |
| Place of publication, distribution, etc | New Delhi |
| Name of publisher, distributor, etc | McGraw-Hill Education |
| Date of publication, distribution, etc | 2013 |
| 270 ## - ADDRESS | |
| Address | P-24 Green Park Extension |
| City | New Delhi |
| Postal code | 110016 |
| 300 ## - PHYSICAL DESCRIPTION | |
| Extent | various pagings : |
| Other physical details | ill. |
| Dimensions | 24cm(pbk) |
| 650 ## - SUBJECT ADDED ENTRY--TOPICAL TERM | |
| Topical term or geographic name as entry element | Electric machinery. |
| 700 ## - ADDED ENTRY--PERSONAL NAME | |
| Personal name | Kingsley, Charles |
| 700 ## - ADDED ENTRY--PERSONAL NAME | |
| Personal name | Umans, Stephens D. |
| 942 ## - ADDED ENTRY ELEMENTS (KOHA) | |
| Source of classification or shelving scheme | Dewey Decimal Classification |
| Item type | English Books |
| Classification part | 621.31042 |
| Call number suffix | FIT |
| Withdrawn status | Lost status | Not for loan | Collection code | Home library | Current library | Date acquired | Source of acquisition | Cost, normal purchase price | Full call number | Barcode | Copy number | Cost, replacement price | Koha item type |
|---|---|---|---|---|---|---|---|---|---|---|---|---|---|
| Not For Loan | Non-fiction | D.B.Act.Division | D.B.Act.Division | 06/12/2013 | DBAD/PUB | 325.00 | 621.31042 FIT | EN-92321 | 1 | 325.00 | English Books |
